Statistiques concernant Les clubs de Foot les plus fort de ces villes en 2018

Cliquez ici pour prendre le quiz!

Statistiques générales

  • Ce quiz a été pris 357 fois
  • Le résultat moyen est 21 sur 32

Statistiques - réponses

HintRéponse% Correct
ManchesterManchester City
99%
LiverpoolLiverpool Football Club
98%
LondresChelsea Football Club
97%
LilleLille Association OSC
97%
ParisParis-Saint-Germain
97%
LyonOlympique Lyonnais
96%
MonacoAssociation Sportive de Monaco
95%
BarceloneBarcelone Football Club
95%
BordeauxGirondins de Bordeaux
95%
MarseilleOlympique de Marseille
95%
Saint-EtienneAssociation sportive de Saint-Étienne
94%
MadridReal Madrid
94%
AmsterdamAjax Amsterdam
93%
MontpellierMontpellier Hérault Sport Club
91%
MunichBayern Munich
87%
DortmundBorussia Dortmund
80%
SévilleSéville Football Club
74%
RotterdamFeyenoord Rotterdam
63%
BrêmeWerder Brême
62%
IstanbulGalatasaray
56%
KievDynamo Kiev
53%
Francfort-sur-le-MainEintracht Francfort
53%
BirminghamAston Villa
47%
BerlinHertha BSC Berlin
38%
Buenos AiresRiver Plate
37%
LeipzigRed Bull Leipzig
36%
MoscouLokomotiv Moscou
26%
ValenceValence Football Club
22%
MexicoClub América
5%
LisbonneSL Benfica
4%
Sao PauloPalmeiras
3%
BilbaoAthlétique Bilbao
0%

Distribution des résultats

Percentile par nombre de réponses

% des personnes avec chaque résultat

Votre développement - résultats

Vous n’avez pas pris ce quiz